Opční operace - důležitá a perspektivní součást obchodu na devizových trzích.
Definícia a spôsob realizácie opčných operácií. Kúpne a predajné opčné operácie. Krátka a dlhá pozícia. Spôsob určenia ceny opcie. Situácia jednotlivých účastníkov. Príklady kúpy a predaja kúpnych a predajných opcií.
Guardado en:
| Autor principal: | |
|---|---|
| Formato: | Capítulo de libro |
| Lenguaje: | checo |
| Materias: | |
| Etiquetas: |
Sin Etiquetas, Sea el primero en etiquetar este registro!
|
MARC
| LEADER | 00000naa a2200000 4500 | ||
|---|---|---|---|
| 001 | r007698 | ||
| 005 | 20220831090916.8 | ||
| 041 | 0 | |a cze | |
| 044 | |a [CS] | ||
| 245 | 1 | 0 | |a Opční operace - důležitá a perspektivní součást obchodu na devizových trzích. |c P. Jaroš |
| 520 | |a Definícia a spôsob realizácie opčných operácií. Kúpne a predajné opčné operácie. Krátka a dlhá pozícia. Spôsob určenia ceny opcie. Situácia jednotlivých účastníkov. Príklady kúpy a predaja kúpnych a predajných opcií. | ||
| 610 | 2 | 0 | |a operácie obchodné |
| 610 | 2 | 0 | |a trh devízový |
| 610 | 2 | 0 | |a nákup |
| 610 | 2 | 0 | |a predaj |
| 610 | 2 | 0 | |a opcie |
| 610 | 2 | 0 | |a ceny |
| 100 | 1 | |a Jaroš, P. | |